Residential interior design (Record no. 106693)
[ view plain ]
| 000 -LEADER | |
|---|---|
| fixed length control field | 01249cam a2200253 4500 |
| 001 - CONTROL NUMBER | |
| control field | L137216 |
| 008 - FIXED-LENGTH DATA ELEMENTS--GENERAL INFORMATION | |
| fixed length control field | 070322s2007 xxkao f 001 0 eng d |
| 020 ## - INTERNATIONAL STANDARD BOOK NUMBER | |
| International Standard Book Number | 0471684732 |
| -- | 9780471684732 |
| 035 ## - SYSTEM CONTROL NUMBER | |
| System control number | (Sirsi) u137216 |
| 041 0# - LANGUAGE CODE | |
| Language code of text/sound track or separate title | eng |
| 050 04 - LIBRARY OF CONGRESS CALL NUMBER | |
| Classification number | 728.37 |
| 100 1# - MAIN ENTRY--PERSONAL NAME | |
| Personal name | Mitton, Maureen |
| 245 00 - TITLE STATEMENT | |
| Title | Residential interior design |
| Remainder of title | a guide to planning spaces |
| 260 ## - PUBLICATION, DISTRIBUTION, ETC. | |
| Place of publication, distribution, etc. | Hoboken, New Jersey |
| Name of publisher, distributor, etc. | John Wiley and Sons Inc |
| Date of publication, distribution, etc. | 2007 |
| 300 ## - PHYSICAL DESCRIPTION | |
| Extent | vii, 248p. |
| Other physical details | ill. |
| Dimensions | 28cm. |
| 350 ## - PRICE (NR) (BK AM CF MU VM SE) [OBSOLETE] | |
| Price | 19.59 |
| 505 2# - FORMATTED CONTENTS NOTE | |
| Formatted contents note | Visual thinking and design graphics -- Bedrooms -- Bathrooms -- Kitchens -- Leisure spaces -- Utility spaces -- Circulation spaces |
| 520 ## - SUMMARY, ETC. | |
| Summary, etc. | Covers fundamental skills for planning interior spaces in many types of homes. Addresses each type of room in turn, and numerous styles of decoration. Reviews aspects of interior architecture as they relate to human factors and daily use. Contains illustrations of interior details and furniture, plans and photographs. Focuses on quality of design and aims to teach the concepts needed to design efficient and attractive rooms. |
| 590 ## - LOCAL NOTE (RLIN) | |
| Local note | KA |
| 651 #4 - SUBJECT ADDED ENTRY--GEOGRAPHIC NAME | |
| Geographic name | International |
| 690 ## - LOCAL SUBJECT ADDED ENTRY--TOPICAL TERM (OCLC, RLIN) | |
| Topical term or geographic name as entry element | PROPERTY-RESIDENTIAL PROPERTY-DOMESTIC RESIDENTIAL PROPERTY |
| 700 1# - ADDED ENTRY--PERSONAL NAME | |
| Personal name | Nystuen, Courtney |
| 942 ## - ADDED ENTRY ELEMENTS (KOHA) | |
| Suppress in OPAC | 0 |
| Withdrawn status | Lost status | Source of classification or shelving scheme | Damaged status | Not for loan | Home library | Current library | Shelving location | Date acquired | Cost, normal purchase price | Total Checkouts | Full call number | Barcode | Date last seen | Date last checked out | Copy number | Cost, replacement price | Price effective from | Koha item type |
|---|---|---|---|---|---|---|---|---|---|---|---|---|---|---|---|---|---|---|
| Dewey Decimal Classification | London | London | Books | 31/07/2007 | 18.47 | 5 | F728.37 MIT | 30073721 | 06/08/2019 | 15/10/2008 | 1 | 18.47 | 06/08/2019 | Book |